Mortaja para un ruiseñor / (Record no. 185702)

MARC details
000 -LEADER
campo de control de longitud fija 00640nam a2200205 i 4500
001 - NÚMERO DE CONTROL
campo de control 185702
003 - IDENTIFICADOR DE NÚMERO DE CONTROL
campo de control SpMaBN
005 - FECHA Y HORA DE LA ÚLTIMA TRANSACCIÓN
campo de control 20251009170802.0
008 - DATOS DE LONGITUD FIJA--INFORMACIÓN GENERAL
campo de control de longitud fija 160803s1997 sp |||| | spa d
020 ## - NÚMERO INTERNACIONAL ESTÁNDAR DEL LIBRO
Número Internacional Estándar del Libro 84-01-25011-0
080 ## - NÚMERO DE LA CLASIFICACIÓN DECIMAL UNIVERSAL
Número de la Clasificación Decimal Universal 821.111-31"19"
100 1# - ENTRADA PRINCIPAL--NOMBRE DE PERSONA
Nombre de persona James, P. D. (
Fechas asociadas al nombre 1920-2014)
9 (RLIN) 160194
245 10 - MENCIÓN DEL TÍTULO
Título Mortaja para un ruiseñor /
Mención de responsabilidad, etc. P.D. James ; traducción de Antonio Desmonts.
250 ## - MENCION DE EDICION
Mención de edición 1ª ed.
260 ## - PUBLICACIÓN, DISTRIBUCIÓN, ETC.
Lugar de publicación, distribución, etc. Barcelona :
Nombre del editor, distribuidor, etc. Plaza & Janés,
Fecha de publicación, distribución, etc. 1997.
300 ## - DESCRIPCIÓN FÍSICA
Extensión 389 p. ;
Dimensiones 19 cm.
700 1# - ENTRADA AGREGADA--NOMBRE PERSONAL
Nombre de persona Desmonts, Antonio,
Fechas asociadas al nombre 1942-
9 (RLIN) 160311
852 ## - LOCALIZACIÓN
Ubicación ES-MaACL
Número de control de estantería L-30500
Nota libre . - Donat. Miguel A. Velasco
Holdings
Estatus retirado Estado de pérdida Estado de daño No para préstamo Biblioteca de origen Biblioteca actual Ubicación en estantería Fecha de adquisición Fuente de adquisición Total de préstamos Signatura topográfica completa Código de barras Visto por última vez Precio de reemplazo Tipo de ítem Koha
        Biblioteca del Ateneo de Madrid Biblioteca del Ateneo de Madrid Depósito 2 03/08/2016     L-30500 1195753 23/02/2023 23/02/2023 Libro impreso